|
|
|
|
| LEADER |
01516nam a2200397 a 4500 |
| 001 |
6944 |
| 003 |
BD-DhAAL |
| 005 |
20210828193249.0 |
| 008 |
090505s1998 sz a 000 0 eng d |
| 999 |
|
|
|c 409
|d 409
|
| 010 |
|
|
|a 99192974
|
| 020 |
|
|
|a 9241545127
|
| 040 |
|
|
|a OUN
|c OUN
|d DLC
|d BD-DhAAL
|
| 082 |
0 |
0 |
|a 618.92994029
|2 22
|
| 245 |
0 |
0 |
|a Cancer pain relief and palliative care in children.
|
| 260 |
|
|
|a Geneva :
|b World Health Organization,
|c 1998.
|
| 300 |
|
|
|a ix, 76 pages :
|b illustrations ;
|c 21 cm.
|
| 504 |
|
|
|a Includes bibliographical references (pages 73-76).
|
| 541 |
1 |
|
|e 6944
|
| 650 |
|
0 |
|a Cancer in children
|x Palliative treatment.
|9 41923
|
| 650 |
|
0 |
|a Analgesia.
|9 41924
|
| 650 |
|
0 |
|a Analgesics.
|9 41925
|
| 650 |
|
2 |
|a Neoplasms
|x in infancy & childhood
|9 41926
|
| 650 |
|
2 |
|a Neoplasms
|x therapy
|9 41927
|
| 650 |
|
2 |
|a Pain
|x in infancy & childhood
|9 41928
|
| 650 |
|
2 |
|a Pain
|x therapy
|9 41929
|
| 650 |
|
2 |
|a Palliative care
|x in infancy & childhood
|9 41930
|
| 650 |
|
2 |
|a Narcotherapy
|x in infancy & childhood
|9 41931
|
| 650 |
|
0 |
|a AIDS (Disease)
|x Social aspects.
|9 41932
|
| 700 |
1 |
|
|a Reid, Elizabeth,
|d 1942-
|9 41933
|
| 710 |
2 |
|
|a World Health Organization.
|9 41934
|
| 710 |
2 |
|
|a United Nations Development Programme.
|9 41935
|
| 740 |
0 |
|
|a HIV and AIDS.
|
| 852 |
|
|
|a Ayesha Abed Library
|c General Stacks
|
| 942 |
|
|
|2 ddc
|c BK
|
| 952 |
|
|
|0 0
|1 0
|2 ddc
|4 0
|6 618_929940290000000_CAN_1998
|7 0
|9 370
|a BRACUL
|b BRACUL
|c GEN
|d 2009-05-06
|g 160.00
|l 0
|o 618.92994029 CAN
|p 3010006944
|r 2009-05-06
|t 1
|v 320.00
|w 2009-05-06
|y BK
|